000 00902nam a22002417a 4500
003 DO-SdBNP
005 20250217091458.0
006 a||||gr|||| 00| 0
007 ta
008 230906e2014 dr a|||| |||| 00| 0 spa d
040 _aDO-SdBNP
_bspa
_cBNPHU
_erda
082 4 _222
_bL864f
100 1 _a López Rodríguez, Nicolás de Jesús,
_d1936-
_9670
245 1 0 _aFuneral de S. E. Monseñor Juan Antonio Flores Santana:
_bArzobispo emérito de Santiago. /
_cNicolás de Jesús Cardenal López Rodríguez.; edición a cargo de Rafael Bello Peguero.
264 1 _aSanto Domingo :
_bAmigo del Hogar,
_c2014
300 _a15 páginas :
_bIlustraciones ;
_c20 cm.
336 _2rdacontent
_atexto
_btxt
337 _2rdamedia
_asin mediación
_bn
338 _2rdacarrier
_avolumen
_bnc
590 _aInventariado 2023 / MF
600 4 _aFlores Santana, Juan Antonio,
_d1927- 2014
_945319
942 _2ddc
_cLF2
999 _c54638
_d54638